Catch-22

محفوظ في:
التفاصيل البيبلوغرافية
المؤلف الرئيسي: Joseph Heller
التنسيق: كتاب
اللغة:Undetermined
منشور في: London Everyman's Library 1995
الموضوعات:
الوسوم: إضافة وسم
لا توجد وسوم, كن أول من يضع وسما على هذه التسجيلة!
Thư viện lưu trữ: Trung tâm Học liệu Trường Đại học Cần Thơ
LEADER 00503nam a2200181Ia 4500
001 CTU_33918
008 210402s9999 xx 000 0 und d
082 |a 813.5 
082 |b H477 
100 |a Joseph Heller 
245 0 |a Catch-22 
245 0 |c Joseph Heller 
260 |a London 
260 |b Everyman's Library 
260 |c 1995 
650 |a american fiction - 20th century,american literature - 20th century 
904 |i Minh, 991117 
980 |a Trung tâm Học liệu Trường Đại học Cần Thơ